zpět

Detail výsledku týmu

Hangár, Valašské Meziříčí

Datum a čas kvízu

27.5 Celkem bodů Celkový počet nahraných bodů na tomto kvízu bez doplňovacích otázek.
4. Pořadí na kvízu Konečné umístění týmu na tomto kvízu.

Zaznamenané odpovědi

# Otázka Odpověď Body Výsledky
1. Minulý týden napadli hackeři f... dopravy 1
2. Jeden polský autobusový doprav... Hel 0
3. Minulý týden došlo k útěku dev... Děčín, makak 0
4. Ve středu oznámil český minist... Zdeněk Nekula, Marek Výborný 1
5. Který tým získal minulý týden... Vegas (Golden Knights) 0
6. V následujících otázkách se bu... Pangea, Gondwanu 0
7. Seřaďte následující minerály p... 1C 2B 3D 4A 1
8. Která vyvřelá hornina, běžně n... čedič (bazalt) 1
9. Součástí geologických věd je t... na Tenerife, na Islandu 1
10. Jak se nazývá nejmladší geolog... holocén 1